The knowledge management toolkit : Practical techniquest for building a knowledge management systems

Bibliographic Details
Main Author: Tiwana Amrit
Format: Book
Published: Prentice Hall PTR , 1999
Subjects:

MARC

LEADER 00000cam a2200000 7i4500
001 0000010304
005 20050505.0
020 |a 0130128538 
040 |a INS 
090 0 0 |a HD30.2.   |b T59 1999 
100 1 |a Tiwana Amrit 
245 1 0 |a The knowledge management toolkit :   |b Practical techniquest for building a knowledge management systems   |c Tiwana Amrit 
260 |a Prentice Hall PTR ,   |c 1999 
300 |a 350pp ;   |c 235x178mm. 
650 0 0 |a Knowledge management 
999 |a 0000009095   |b BOOK   |c Open Shelf   |e Default branch